Southville International School and Colleges
Your cart is empty.
  • Cart
  • Lists
    Public lists Eva Luna New books Lux_list list_1
    Your lists Log in to create your own lists
  • Log in to your account
  • Your cookies
  • Search history
Southville International School and Colleges
  • Advanced search
  • Recent comments
  • Most popular
  • Libraries

Log in to your account

Log in with GOOGLE


If you do not have an external account, but do have a local account, you can still log in:

  1. Home
  2. MARC view: The Tales Of The Heptameron, Vol. III. (of V.)
Normal view MARC view ISBD view

The Tales Of The Heptameron, Vol. III. (of V.) (Record no. 246958)

[ view plain ]
MARC details
000 -LEADER
fixed length control field 01095cam a22003013a 4500
001 - CONTROL NUMBER
control field 17703
003 - CONTROL NUMBER IDENTIFIER
control field PGUSA
005 - DATE AND TIME OF LATEST TRANSACTION
control field 20140828083358.0
008 - FIXED-LENGTH DATA ELEMENTS--GENERAL INFORMATION
fixed length control field 060207s2006||||xxu|||||s|||||000 | eng d
040 ## - CATALOGING SOURCE
Original cataloging agency PGUSA
Language of cataloging eng
042 ## - AUTHENTICATION CODE
Authentication code dc
050 #4 - LIBRARY OF CONGRESS CALL NUMBER
Classification number PQ
100 1# - MAIN ENTRY--PERSONAL NAME
Personal name Marguerite, Queen, consort of Henry II, King of Navarre,
Dates associated with a name 1492-1549
245 14 - TITLE STATEMENT
Title The Tales Of The Heptameron, Vol. III. (of V.)
Medium [electronic resource] /
Statement of responsibility, etc Queen, consort of Henry II, King of Navarre Marguerite
260 ## - PUBLICATION, DISTRIBUTION, ETC. (IMPRINT)
Name of publisher, distributor, etc Project Gutenberg,
Date of publication, distribution, etc 2006
500 ## - GENERAL NOTE
General note Preceded by vol II PG#17702 and followed by vol IV PG#17704
506 ## - RESTRICTIONS ON ACCESS NOTE
Terms governing access Public domain in the USA.
516 ## - TYPE OF COMPUTER FILE OR DATA NOTE
Type of computer file or data note Electronic text
653 ## - INDEX TERM--UNCONTROLLED
Uncontrolled term Love stories, French -- Translations into English
653 ## - INDEX TERM--UNCONTROLLED
Uncontrolled term Tales -- France -- Translations into English
700 1# - ADDED ENTRY--PERSONAL NAME
Personal name Dunker, Balthasar Anton,
Dates associated with a name 1746-1807
700 1# - ADDED ENTRY--PERSONAL NAME
Personal name Saintsbury, George,
Dates associated with a name 1845-1933
700 1# - ADDED ENTRY--PERSONAL NAME
Personal name Le Roux de Lincy,
Dates associated with a name 1806-1869
700 1# - ADDED ENTRY--PERSONAL NAME
Personal name Freudenberger, Sigmund,
Dates associated with a name 1745-1801
830 #0 - SERIES ADDED ENTRY--UNIFORM TITLE
Uniform title Project Gutenberg
Volume number/sequential designation 17703
856 40 - ELECTRONIC LOCATION AND ACCESS
Uniform Resource Identifier <a href="http://www.gutenberg.org/ebooks/17703">http://www.gutenberg.org/ebooks/17703</a>
942 ## - ADDED ENTRY ELEMENTS (KOHA)
Koha item type eBooks
Holdings
Withdrawn status Lost status Damaged status Home library Current library Date acquired Total Checkouts Date last seen Price effective from Koha item type
      Project Gutenberg Project Gutenberg 08/28/2014   08/28/2014 08/28/2014 eBooks

The Tales Of The Heptameron, Vol. III. (of V.)

APA

Marguerite Q. c. o. H. I. K. o. N., Dunker B. A., Saintsbury G., Le Roux de Lincy & Freudenberger S. (2006). The Tales Of The Heptameron, Vol. III. (of V.). : Project Gutenberg.

Chicago

Marguerite Queen consort of Henry II King of Navarre, Dunker Balthasar Anton, Saintsbury George, Le Roux de Lincy and Freudenberger Sigmund. 2006. The Tales Of The Heptameron, Vol. III. (of V.). : Project Gutenberg.

Harvard

Marguerite Q. c. o. H. I. K. o. N., Dunker B. A., Saintsbury G., Le Roux de Lincy and Freudenberger S. (2006). The Tales Of The Heptameron, Vol. III. (of V.). : Project Gutenberg.

MLA

Marguerite Queen consort of Henry II King of Navarre, Dunker Balthasar Anton, Saintsbury George, Le Roux de Lincy and Freudenberger Sigmund. The Tales Of The Heptameron, Vol. III. (of V.). : Project Gutenberg. 2006.

  • Place hold
  • Print
  • Cite
  • Add to your cart (remove)
  • Save record
    BIBTEX Dublin Core MARCXML MARC (non-Unicode/MARC-8) MARC (Unicode/UTF-8) MARC (Unicode/UTF-8, Standard) MODS (XML) RIS
  • More searches
    Search for this title in:
    Other Libraries (WorldCat) Other Databases (Google Scholar) Online Stores (Bookfinder.com) Open Library (openlibrary.org)

Exporting to Dublin Core...

SOUTHVILLE LIBRARY

Southville International School and Colleges Library

1281 Tropical Ave. Cor. Luxembourg St., BF Homes International, Las Pinas City

Tel. No. 8256374 / 252358 Loc. 117/146

Powered by Koha